United States--Gulf coast, Louisiana, Rollover Bayou to Calcasieu Pass /

Bibliographic Details
Previous Title:U.S. Coast and Geodetic Survey. United States--Gulf coast, Louisiana, Rollover Bayou to Calcasieu Pass
Corporate Author: United States Coast Survey
Format: Government Document Map Serial
Language:English
Published: Washington, D.C. : U.S. Dept. of Commerce, National Oceanic and Atmospheric Administration, National Ocean Service, Coast Survey.
Subjects:
Online Access:Current ed.:
Archives:

MARC

Tag First Indicator Second Indicator Subfields
LEADER 00000ces a2200000Ia 4500
001 in00002752425
005 20151202170404.0
006 s x f0 0
006 m o d f
007 aj cznzn
007 cr cn|||||||||
008 120424c19969999dcuek bd c fo 0 eng d
034 1 |a a  |b 80000  |d W0932000  |e W0923000  |f N0294500  |g N0291500 
035 |a (OCoLC)ocn788360613 
037 |a NSN 7642-01-401-0181  |b DOD 
037 |a 11 BCO 11344  |b NGA 
037 |a 11344  |b NOS 
040 |a GPO  |c GPO  |d MvI  |d UtOrBLW 
043 |a nm-----  |a n-us-la 
049 |a WWW 
052 |a 9112  |b M4 
052 |a 4012  |b C32 
074 |a 0191-B-13 (online) 
086 0 |a C 55.418/7:11344/ 
110 2 |a United States Coast Survey. 
245 1 0 |a United States--Gulf coast, Louisiana, Rollover Bayou to Calcasieu Pass /  |c Coast Survey. 
246 3 0 |a Rollover Bayou to Calcasieu Pass 
255 |a Scale 1:80,000 at lat. 29°30ʹ ;  |b Mercator proj.  |c (W 93°20ʹ--W 92°30ʹ/N 29°45ʹ--N 29°15ʹ). 
264 1 |a Washington, D.C. :  |b U.S. Dept. of Commerce, National Oceanic and Atmospheric Administration, National Ocean Service, Coast Survey. 
300 |a online resource (maps) :  |b color 
310 |a Irregular 
336 |a cartographic image  |b cri  |2 rdacontent 
337 |a computer  |b c  |2 rdamedia 
338 |a online resource  |b cr  |2 rdacarrier 
362 0 |a 32nd ed. (Aug. 17/96)- 
500 |a "LORAN-C overprinted." 
500 |a Depths shown by isolines and soundings. 
538 |a The .jpg versions of these maps require Adobe Photoshop or Adobe Acrobat 9 Pro to view. 
500 |a "Soundings in feet." 
500 |a Includes source diagram, tidal information, and table of channel depths. 
588 |a Description based on: 32nd ed., Aug. 17, 1996; title from title screen (viewed on Apr. 23, 2012). 
588 |a Latest issue consulted: 39th ed., Feb. 2012. 
515 |a "Formerly C & GS 1278, 1st ed., Jan 1922 C-1937-465 KAPP 123." 
515 |a Numbering realigned 1974 to conform to a new uniform US numbering system for all navigation charts. 
500 |a Electronic resource. 
650 0 |a Nautical charts  |z Mexico, Gulf of. 
651 0 |a Mexico, Gulf of  |x Navigation. 
651 0 |a Gulf Coast (La.)  |v Maps. 
776 0 8 |i Print version:  |a United States Coast Survey.  |t United States--Gulf coast, Louisiana, Rollover Bayou to Calcasieu Pass  |w (DLC) 2007230719  |w (OCoLC)52094426 
780 0 0 |a U.S. Coast and Geodetic Survey.  |t United States--Gulf coast, Louisiana, Rollover Bayou to Calcasieu Pass  |w (OCoLC)788352940 
856 4 0 |3 Current ed.:  |u http://purl.fdlp.gov/GPO/gpo21627  |t 0 
856 4 0 |3 Archives:  |u http://purl.fdlp.gov/GPO/gpo21652  |t 0 
999 |a MARS 
999 f f |s 16b5728c-0908-3103-965b-66c1cab0a082  |i df3b5ec5-ebc5-3d9d-80ad-5f7cb1d113f1  |t 0 
952 f f |a Texas A&M University  |b College Station  |c Electronic Resources  |d Available Online  |t 0  |e C 55.418/7:11344/  |h Superintendent of Documents classification 
998 f f |a C 55.418/7:11344/  |t 0  |l Available Online